<?xml version="1.0" encoding="UTF-8"?>
<marc:record xmlns:marc="http://www.loc.gov/MARC21/slim">
   <marc:leader>00000nam a2200000 a 4500</marc:leader>
   <marc:datafield ind1="1" ind2=" " tag="100">
      <marc:subfield code="a">Welter, Oliver</marc:subfield>
      <marc:subfield code="4">aut</marc:subfield>
      <marc:subfield code="e">Verfasser/-in</marc:subfield>
   </marc:datafield>
   <marc:datafield ind1="1" ind2=" " tag="100">
      <marc:subfield code="a">Gantenberg, Michael</marc:subfield>
      <marc:subfield code="4">aut</marc:subfield>
      <marc:subfield code="e">Verfasser/-in</marc:subfield>
   </marc:datafield>
   <marc:datafield ind1=" " ind2=" " tag="653">
      <marc:subfield code="a">Thriller</marc:subfield>
   </marc:datafield>
   <marc:datafield ind1=" " ind2=" " tag="653">
      <marc:subfield code="a">Spionage</marc:subfield>
   </marc:datafield>
   <marc:datafield ind1=" " ind2=" " tag="653">
      <marc:subfield code="a">Krimis</marc:subfield>
   </marc:datafield>
   <marc:datafield ind1="0" ind2="0" tag="245">
      <marc:subfield code="a">Kalt geht der Wind</marc:subfield>
   </marc:datafield>
   <marc:datafield ind1="0" ind2="0" tag="245">
      <marc:subfield code="b">Inka Luhmann ermittelt im Sauerland</marc:subfield>
   </marc:datafield>
   <marc:datafield ind1="0" ind2="0" tag="245">
      <marc:subfield code="c">Oliver Welter und Michael Gantenberg</marc:subfield>
   </marc:datafield>
   <marc:datafield ind1=" " ind2="1" tag="264">
      <marc:subfield code="a">Frankfurt, M.</marc:subfield>
      <marc:subfield code="b">Fischer Taschenbuch</marc:subfield>
      <marc:subfield code="c">2013</marc:subfield>
   </marc:datafield>
   <marc:datafield ind1="1" ind2=" " tag="490">
      <marc:subfield code="a">Fischer</marc:subfield>
      <marc:subfield code="v">18933</marc:subfield>
   </marc:datafield>
   <marc:datafield ind1=" " ind2=" " tag="250">
      <marc:subfield code="a">Orig.-Ausg.</marc:subfield>
   </marc:datafield>
   <marc:datafield ind1="1" ind2=" " tag="520">
      <marc:subfield code="a">Angaben aus der Verlagsmeldung

Kalt geht der Wind : Ein Inka-Luhmann-Krimi / von Welter, Michael Gantenberg

Wer hat nichts gesehen, nichts gehört und nichts gesagt?

Mord mit Stichmuster: Kommissarin Inka Luhmanns erster Fall im Sauerland, der vielleicht uneitelsten Region Deutschlands

Schock im Sauerland: im Garten des örtlichen Schützenkönigs liegt eine Leiche - Augen, Ohren und Mund sind mit groben Stichen zugenäht. Neu-Kommissarin Inka Luhmann hat es nicht leicht bei wortkargen Bauern und nervösen Tourismusvereinen, denn nicht sie, sondern ihr Mann stammt aus der Gegend. Selbst Polizist, macht er im Rollentausch auf Elternzeit, schmeißt den Haushalt, kümmert sich um die Kinder und berät Inka gern inoffiziell bei ihren Ermittlungen. Als eine weitere Leiche auftaucht, ebenso vernäht wie die erste, fragt sich Inka: Was bedeutet das? Wer hat nichts gesehen, nichts gehört und nichts gesagt? Und wie kann sie die Morde stoppen, bevor es noch ein Opfer gibt?
</marc:subfield>
   </marc:datafield>
   <marc:datafield ind1=" " ind2=" " tag="020">
      <marc:subfield code="a">9783596189335</marc:subfield>
      <marc:subfield code="9">9783596189335</marc:subfield>
   </marc:datafield>
   <marc:datafield ind1=" " ind2=" " tag="020">
      <marc:subfield code="a">3596189330</marc:subfield>
      <marc:subfield code="9">3596189330</marc:subfield>
   </marc:datafield>
   <marc:datafield ind1=" " ind2=" " tag="041">
      <marc:subfield code="a">ger</marc:subfield>
   </marc:datafield>
   <marc:datafield ind1=" " ind2=" " tag="300">
      <marc:subfield code="a">443 S.</marc:subfield>
   </marc:datafield>
</marc:record>
